000 00436nam a22001457a 4500
020 _a8121940559
082 _a621.382 ANA
100 _aAnand, Er. Rishabh
245 _aWireless Communications for the students of B.E./B.Tech. of all Technical universities of India
260 _aNew Delhi, India
_bS. Chand & Co. Ltd.
_c2012
300 _a410 p.
_bill. ;
500 _aIncludes index.
650 _aWireless Communication
942 _cBK
999 _c12568
_d12568